Представление документа в формате RUSMARC

ПолеНазваниеЗначение
  Тип записи a
  Библиографический уровень m
001 Контрольный номер 6d3e8d811f864f1cbb90dac734ece8a6
005 Дата корректировки 20230111115103.6
010 Индекс ISBN __
a ISBN 978-5-4484-3169-2
b Уточнения в пер.
9 Тираж 1000 экз.
d Цена 819-85
100 Данные общей обработки __
a Данные общей обработки 20220907d2021 m y0rusy028902 ca
101 Язык документа 1_
a Язык текста rus
c Язык оригинала eng
102 Страна публикации __
a Страна публикации RU
105 Кодированные данные (монография) __
a Кодированные данные (монография) y z 000ay
181 Поле кодированных данных: вид содержания _0
a Код вида содержания (ISBD) i
182 Поле кодированных данных: тип средства _0
a Код типа средства (ISBD) n
200 Заглавие и сведения об ответственности 1_
a Заглавие Фрамлейский приход
e Сведения, относящиеся к заглавию роман
f Первые сведения об ответственности Энтони Троллоп
g Последующие сведения об ответственности перевод с английского Е. М. Доброхотовой-Майковой
203 Вид содержания и тип средства __
a Вид содержания Текст
c Тип средства непосредственный
210 Выходные данные 1_
a Место издания Москва
c Издательство Вече
d Дата издания 2021
215 Физическое описание __
a Объем 510, [1] с.
c Иллюстрации/тип воспроизводства портр.
d Формат 21 см
225 Серия 2_
a Серия 100 великих романов
300 Общие примечания __
a Общие примечания 4-я книга из цикла "Барсетширские хроники"
330 Аннотация __
a Аннотация 1544 год. Уютная Голландия, родина коньков, тюльпанов и ветряных мельниц, погружается во мрак - католики и протестанты живут здесь бок о бок, возводя день ото дня незримые, но очень прочные стены. Сегодня вы встречаетесь со своим соседом со стаканом в руке, а завтра - уже с мечом. Страна, как и вся Европа, охвачена Реформацией. Противостоящая ей испанская инквизиция умело подливает масла в огонь своих костров, поощряя местных доносчиков и шпионов звонкими флоринами или купанием в проруби. Смотря по обстоятельствам. В час предзакатный, в канун Рождества, наследница богатого корабела ван Хаута становится камнем преткновения, невольной причиной сразу двух непримиримых конфликтов, которые перевернут всю ее жизнь.
333 Примечание о целевом назначении __
a Примечание о целевом назначении 12+. Для детей старше 12 лет
517 Другие варианты заглавия 1_
a Другие варианты заглавия Барсетширские хроники
606 Тематические рубрики __
2 Код системы nlr_sh
a Основная рубрика Художественная литература
606 Тематические рубрики __
2 Код системы nlr_sh
a Основная рубрика Литература Европы (произведения)
y Географическая подрубрика Великобритания
z Хронологическая подрубрика 19 в.
610 Ключевые слова 0_
a Ключевые слова зарубежная литература
610 Ключевые слова 0_
a Ключевые слова иностранная литература
610 Ключевые слова 0_
a Ключевые слова классическая литература
610 Ключевые слова 0_
a Ключевые слова английская литература
610 Ключевые слова 0_
a Ключевые слова романы
610 Ключевые слова 0_
a Ключевые слова исторические романы
686 Индексы других классификаций __
2 Код системы rubbks
a Классификационный индекс 84(4Вел)52-4; ст84(4Вел)-4
700 Автор _1
a Фамилия Троллоп
b Имя Э.
f Даты 1815-1882
4 Код отношения 070
g Полное личное имя Энтони
702 Вторичная интеллектуальная ответственность _1
a Фамилия Доброхотова-Майкова
b Имя Е. М.
f Даты 1960-
g Полное личное имя Екатерина Михайловна
4 Код отношения 730
801 Источник записи _0
a Страна RU
b Организация Муниципальное бюджетное учреждение культуры "Централизованная библиотечная система" г. Сургут (Центральная городская библиотека им. А. С. Пушкина)
c Дата составления 20220907
g Правила каталогизации PSBO
801 Источник записи _1
a Страна RU
b Организация Муниципальное бюджетное учреждение культуры "Централизованная библиотечная система" г. Сургут (Центральная городская библиотека им. А. С. Пушкина)
c Дата составления 20220907
g Правила каталогизации PSBO
852 Данные о местонахождении __
i Авторский знак Т 71
j Шифр хранения 84(4Вел)52-4
900 Макрообъекты __
a Макрообъекты Фрамлейский приход, 2021
901 Тип документа __
a Ответственный КиК/Обаева
t Тип документа m
903 Характеристики (МАРС) __
a Дата передачи 20220907
c Наименование библиотеки (МАРС) Муниципальное бюджетное учреждение культуры "Централизованная библиотечная система" г. Сургут (Центральная городская библиотека им. А. С. Пушкина)
990 Данные о заказе (DOS) __
j Количество экземпляров (DOS) 8
t N записи в КСУ для И/У (DOS) 202209